00903cam a2200205 a 450000100100000000500170001000800410002704000230006808200190009124500820011026000710019230000270026349000240029049000310031450502130034565000220055865000340058070000290061483000540064300000577020200929151758.0740326s1971 uy 001 p spa  aDO-SdBNPcPPTdDLC aU861.44bA634p00aAntología de poetas modernistas menores. /cprólogo, Arturo Sergio Visca. aMontevideo, Uruguay :bMinisterio de Educación y Cultura,c1971. alxvi, 392 p. ;c19 cm.1 aBiblioteca artigas.1 aClásicos uruguayosv139.0 aVidal Belo, T. -- Carreras, R. De las .-- Reyles, C. - Quiroga, H. -- Ferrando, F. - Minelli González, P. --Herrera y Reissig, J. - Miranda, , C. -- Poemas Cinco .-- Hebrón, A. del .-- Silva Valdés, F.. 4aPoesía uruguaya 4aLiteratura uruguayaySIGLO XX1 aVisca, Arturo,,epról. 0aBiblioteca Artigas.pClásicos uruguayos ;v139.